000 00895nam a2200205Ia 4500
003 GCL
008 140319s9999 xx 000 0 ara d
040 _aGCL /
_cGCL
082 0 4 _aق
_b916.2
_bج ك
100 1 _aابن الجيعان : شرف الدين ابو زكريا يحيى بن شاكر بن عبدالغنى بن شاكر بن ماجد
245 1 0 _aكتاب التحفة السنية باسماء البلاد المصرية /
_cابن الجيعان : شرف الدين ابو زكريا يحيى بن شاكر بن عبدالغنى بن شاكر بن ماجد
260 _aالقاهرة :
_bمكتبة الكليات الازهرية ،
_c1974
300 _a196 ص ؛
_c24 سم
650 0 4 _aمصر
650 0 4 _aالجغرافيا الاقتصادية
650 0 4 _aالمدن
650 0 4 _aمعاجم البلدان
650 0 4 _aالمدن - مصر
942 _2ddc
_cBK
999 _c35809
_d35809